[Event "Lee Cup"]
[Site "Beijing"]
[Date "1996.??.??"]
[Round "3"]
[White "Ni Hua"]
[Black "Xu Yang"]
[Result "0-1"]
[WhiteElo "1605"]
[BlackElo "2355"]

1.e4 e5 2.Nf3 Nc6 3.Bb5 a6 4.Ba4 Nf6 5.O-O Be7 6.Re1 b5 7.Bb3 O-O 8.a4 Bb7
9.d3 d6 10.c3 Na5 11.Bc2 c5 12.Nbd2 Nc6 13.Nf1 Re8 14.d4 Bf8 15.d5 Nb8 16.b4 Nbd7
17.a5 g6 18.Ng3 Bg7 19.h3 Rc8 20.Bd3 cxb4 21.cxb4 Bxd5 22.exd5 e4 23.Bxe4 Nxe4
24.Nxe4 Rxe4 25.Rxe4 Bxa1 26.Bf4 Bc3 27.Nd4 Ne5 28.Qb3 Bxd4 29.Rxd4 Qf6 30.Re4 Qf5
31.f3 Nc4 32.Qd3 h5 33.Bh2 Kh7 34.Qd4 g5 35.g4 Qg6 36.Bg3 h4 37.Bf2 Ne5 38.Kg2 Qf6
39.Qd1 Ng6 40.Bd4 Nf4+ 41.Kh2 Qd8 42.Be3 Ng6 43.Qd2 Qf6 44.Kg2 Rc3 45.Qb2 Ne5
46.f4 Nd3 47.fxg5 Qg6  0-1

[Event "Lee Cup"]
[Site "Beijing"]
[Date "1996.??.??"]
[Round "4"]
[White "Wang Yaoyao"]
[Black "Ni Hua"]
[Result "1-0"]
[WhiteElo "2410"]
[BlackElo "1605"]

1.d4 Nf6 2.c4 c5 3.d5 b5 4.Nf3 e6 5.Bg5 exd5 6.cxd5 h6 7.Bxf6 Qxf6 8.Qc2 Qb6
9.e4 d6 10.a4 bxa4 11.Nc3 Be7 12.Bb5+ Bd7 13.Qxa4 Bxb5 14.Qxb5+ Qxb5 15.Nxb5 Kd7
16.O-O a6 17.e5 Rc8 18.Rfe1 c4 19.exd6 Bxd6 20.Ne5+ Bxe5 21.Rxe5 axb5 22.Rxa8 Kd6
23.f4 b4 24.Kf2 c3 25.bxc3 bxc3 26.Re1 Kxd5 27.Rd1+ Kc4 28.Rb1 c2 29.Rbxb8 Rxb8
30.Rxb8 Kd3 31.Rc8 Kd2 32.g4 c1=Q 33.Rxc1 Kxc1 34.Ke3 Kd1 35.h4 Ke1 36.f5 Kf1
37.g5 hxg5 38.f6 g6 39.hxg5 Kg2 40.Kf4 Kh3 41.Ke5 Kg4 42.Kd6 Kxg5 43.Ke7  1-0

[Event "Lee Cup"]
[Site "Beijing"]
[Date "1996.??.??"]
[Round "5"]
[White "Ni Hua"]
[Black "Wang Lei"]
[Result "1/2-1/2"]
[WhiteElo "1605"]
[BlackElo "2340"]

1.e4 c5 2.Nf3 d6 3.d4 cxd4 4.Nxd4 Nf6 5.Nc3 Nc6 6.Bg5 e6 7.Qd2 a6 8.O-O-O h6
9.Be3 Be7 10.f4 Nxd4 11.Bxd4 b5 12.Bd3 Bb7 13.a3 O-O 14.Qe2 Nd7 15.e5 Qc7
16.Rhf1 dxe5 17.fxe5 Rad8 18.Kb1 Bc5 19.Bxc5 Nxc5 20.Qe3 Nxd3 21.cxd3 Qe7
22.Rf4 f5 23.exf6 Rxf6 24.Rg4 Qd6 25.h3 Rdf8 26.d4 Bd5 27.Ne4 Bxe4+ 28.Qxe4 Qd5
29.Qxd5 exd5 30.Rc1 Rf1 31.Rg6 R1f6 32.Rc6 Kh7 33.Rgxf6 Rxf6 34.Rxf6 gxf6
35.Kc2 Kg6 36.Kd3 Kg5 37.Ke3 a5 38.Kf3 a4 39.Ke3 Kf5 40.Kf3 Kg5 41.Kg3 Kf5
42.Kf3  1/2-1/2

[Event "Lee Cup"]
[Site "Beijing"]
[Date "1996.??.??"]
[Round "6"]
[White "Ni Hua"]
[Black "Li Zunian"]
[Result "0-1"]
[WhiteElo "1605"]
[BlackElo "2400"]

1.e4 c5 2.Nf3 e6 3.d4 cxd4 4.Nxd4 Nf6 5.Nc3 Nc6 6.Ndb5 d6 7.Bf4 e5 8.Bg5 a6
9.Na3 b5 10.Nd5 Be7 11.Bxf6 Bxf6 12.Bd3 O-O 13.h4 Be6 14.c3 Re8 15.Ne3 b4
16.Nac4 bxc3 17.bxc3 Na5 18.Qa4 Nxc4 19.Bxc4 Bxh4 20.Bd5 Rc8 21.Bc6 Qb6 22.Rxh4 Qxc6
23.Qxc6 Rxc6 24.Kd2 Rb8 25.Nd1 h6 26.f4 exf4 27.Rxf4 Rc4 28.Kd3 d5 29.Ne3 Ra4
30.Raf1 g5  0-1

[Event "Lee Cup"]
[Site "Beijing"]
[Date "1996.??.??"]
[Round "7"]
[White "Hoose, H."]
[Black "Ni Hua"]
[Result "0-1"]
[WhiteElo "1605"]
[BlackElo "1605"]

1.e4 c5 2.g3 Nc6 3.d3 d5 4.exd5 Qxd5 5.Qf3 Nf6 6.Qxd5 Nxd5 7.c3 Bf5 8.Nf3 Rd8
9.Nh4 Bc8 10.Be2 e5 11.O-O Be7 12.Ng2 Bf5 13.Rd1 O-O 14.Nd2 Nf6 15.Ne1 Rd7
16.Nf1 h6 17.Ne3 Bg6 18.h3 Rfd8 19.b3 e4 20.dxe4 Nxe4 21.Rxd7 Rxd7 22.Nd1 Bf6
23.Bg4 Rxd1 24.Bxd1 Bxc3 25.Nc2 Bxa1 26.Nxa1 Nc3 27.Bf3 Nd4 28.Kg2 Nxa2 29.Be3 Nxf3
30.Kxf3 b6 31.Bf4 Nb4 32.Bb8 Nc6 33.Bd6 Nd4+ 34.Ke3 Nf5+  0-1

[Event "Lee Cup"]
[Site "Beijing"]
[Date "1996.??.??"]
[Round "8"]
[White "Ni Hua"]
[Black "Rausis, Igors"]
[Result "0-1"]
[WhiteElo "1605"]
[BlackElo "2495"]

1.e4 e5 2.Nf3 d6 3.d4 exd4 4.Nxd4 Nd7 5.Bc4 Nb6 6.Bb3 c5 7.c3 cxd4 8.cxd4 d5
9.O-O dxe4 10.Re1 Nf6 11.Bg5 Be7 12.Bxf6 Bxf6 13.Rxe4+ Kf8 14.Qh5 g6 15.Qh6+ Kg8
16.Nc3 Bf5 17.h4 Bxe4 18.Nxe4 Qxd4 19.Re1 Rf8 20.Qf4 Be5 21.Qf3 h6 22.Rd1 Qxb2
23.g4 Rh7 24.Kg2 Kh8 25.Qe3 f5 26.Qc5 Re8 27.Rd2 Qa1 28.Rd1 Qb2 29.Rd2 Nd7
30.Qe3 Qc1 31.Nd6 f4 32.Qe2 f3+  0-1

[Event "Lee Cup"]
[Site "Beijing"]
[Date "1996.??.??"]
[Round "9"]
[White "Durao, Miguel"]
[Black "Ni Hua"]
[Result "0-1"]
[WhiteElo "2175"]
[BlackElo "1605"]

1.e4 c5 2.Nf3 g6 3.d4 cxd4 4.Nxd4 Nc6 5.c3 Nf6 6.Nxc6 bxc6 7.Bd3 Bg7 8.O-O d5
9.exd5 cxd5 10.Bb5+ Bd7 11.Na3 O-O 12.Bxd7 Qxd7 13.Nc2 Rab8 14.Rb1 Ne4 15.Be3 e6
16.f3 Nd6 17.Bd4 f6 18.Ne3 Rfc8 19.b4 Nc4 20.Nxc4 Rxc4 21.Qd3 Qa4 22.Rfe1 Kf7
23.f4 a6 24.Re2 Qc6 25.Rbe1 Re8 26.Re3 f5 27.Re5 Bxe5 28.Bxe5 Re4 29.Rf1 Rxe5
30.fxe5 Rc8 31.Rf3 Qb6+ 32.Qe3 Qxe3+ 33.Rxe3 g5 34.Kf2 Kg6 35.a4 f4 36.Re2 Rxc3
37.Rb2 Rc6 38.b5 axb5 39.axb5 Rb6 40.g4 fxg3+ 41.Kxg3 Kf5 42.Rb4 Kxe5 43.Kg4 d4  0-1

[Event "Lee Cup"]
[Site "Beijing"]
[Date "1996.??.??"]
[Round "11"]
[White "Gamsa, Mark"]
[Black "Ni Hua"]
[Result "1/2-1/2"]
[WhiteElo "1605"]
[BlackElo "1605"]

1.e4 c5 2.Nf3 g6 3.d4 cxd4 4.Nxd4 Nc6 5.Nc3 Bg7 6.Be3 Nf6 7.Be2 O-O 8.Nb3 d6
9.f4 Be6 10.g4 Na5 11.g5 Nd7 12.Bd4 Nxb3 13.axb3 Bxd4 14.Qxd4 Qb6 15.Qxb6 Nxb6
16.Nb5 a6 17.Nc7 Rac8 18.Nxe6 fxe6 19.Bg4 Rxc2 20.Bxe6+ Kg7 21.f5 d5 22.exd5 gxf5
23.O-O Kg6 24.h4 Nc8 25.Rac1 Rxc1 26.Rxc1 Nd6 27.Rc7 Re8 28.Kg2 h6 29.gxh6 Kxh6
30.Kg3 Kg6 31.Kf4 Kf6 32.Rc3 Rh8 33.Rh3 Rh5 34.Rh2 Ne4 35.b4 Nd6 36.Rh3 b6
37.Rh2  1/2-1/2

[Event "ST Lee Cup 4th"]
[Site "Beijing"]
[Date "1997.08.23"]
[Round "1"]
[White "Lin Weiguo"]
[Black "Ni Hua"]
[Result "1-0"]
[WhiteElo "2470"]
[BlackElo "2220"]

1.d4 Nf6 2.Nf3 c5 3.d5 g6 4.g3 Bg7 5.Bg2 d6 6.O-O O-O 7.c4 b5 8.cxb5 a6 9.bxa6 Bxa6
10.Nc3 Nbd7 11.h3 Qa5 12.Re1 Rfb8 13.e4 Ne8 14.Qc2 Qb4 15.Kh2 Nc7 16.a4 Qb3
17.Qd2 Nb6 18.Qg5 Bf6 19.Qh6 Nc4 20.Ng5 Bxg5 21.Bxg5 f6 22.e5 Nxe5 23.Rxe5 dxe5
24.d6 Bb7 25.dxc7 Rc8 26.Ra3 Qxb2 27.Bc1  1-0

[Event "ST Lee Cup 4th"]
[Site "Beijing"]
[Date "1997.08.25"]
[Round "3"]
[White "Liu Dede"]
[Black "Ni Hua"]
[Result "0-1"]
[WhiteElo "2400"]
[BlackElo "2240"]

1.e4 e6 2.d4 d5 3.e5 c5 4.c3 Nc6 5.Nf3 Qb6 6.a3 Bd7 7.Be2 Rc8 8.O-O c4 9.Ng5 Be7
10.Nh3 f6 11.Bh5+ g6 12.exf6 Nxf6 13.Bf3 O-O 14.Qe2 Bd6 15.Bh6 Rf7 16.Bf4 Qc7
17.Bxd6 Qxd6 18.Re1 Re7 19.Nd2 e5 20.dxe5 Nxe5 21.Nf1 Rce8 22.Red1 Bxh3 23.gxh3 Qc5
24.Bg2 Nd3 25.Qf3 Rf8 26.b4 Qb6 27.Rxd3 Ne4 28.Qe3 cxd3 29.Qxd3 Qxf2+ 30.Kh1 Re5
31.h4 Qb2 32.Qb1 Qxb1 33.Rxb1 Nxc3 34.Rb2 Re1 35.Rc2 d4 36.Kg1 Ne2+ 37.Kh1 d3
38.Rd2 Nf4  0-1

[Event "ST Lee Cup 4th"]
[Site "Beijing"]
[Date "1997.08.28"]
[Round "5"]
[White "Landa, Konstantin"]
[Black "Ni Hua"]
[Result "1-0"]
[WhiteElo "2560"]
[BlackElo "2220"]

1.Nf3 c5 2.g3 Nc6 3.Bg2 g6 4.O-O Bg7 5.c4 Nf6 6.d4 cxd4 7.Nxd4 Nxd4 8.Qxd4 O-O
9.Be3 d6 10.Qd2 Qc7 11.Na3 Bd7 12.Rac1 Bc6 13.Bh3 Bd7 14.Nb5 Qb8 15.Bg2 Bc6
16.f3 d5 17.Nd4 Bd7 18.cxd5 Nxd5 19.Bf2 Qd6 20.Rfd1 Nf6 21.Nb3 Qxd2 22.Rxd2 a5
23.f4 a4 24.Nd4 Rac8 25.Rxc8 Rxc8 26.Bxb7 Rb8 27.Bc6 Bh3 28.Bf3 Rd8 29.b3 a3
30.Rd3 Ng4 31.Nc6 Rxd3 32.exd3 Nxf2 33.Kxf2 Kf8 34.g4 h5 35.gxh5 gxh5 36.Bxh5 Bc3
37.Ne5 Be6 38.Nc4 Bxc4 39.dxc4 e6 40.Ke3 Ke7 41.c5 f5 42.c6 Kd6 43.Be8 Be1
44.Bd7 Bh4 45.Kf3 Be1 46.Bc8 Bh4 47.c7 Kxc7 48.Bxe6  1-0

[Event "ST Lee Cup 4th"]
[Site "Beijing"]
[Date "1997.08.30"]
[Round "6"]
[White "Ni Hua"]
[Black "Karaklajic, Nikola"]
[Result "0-1"]
[WhiteElo "2240"]
[BlackElo "2380"]

1.e4 d5 2.exd5 Nf6 3.d4 Nxd5 4.Nf3 Bg4 5.Be2 e6 6.O-O Nc6 7.h3 Bh5 8.c4 Nb6
9.g4 Bg6 10.Nc3 Be7 11.Bf4 O-O 12.Qd2 Bd6 13.Bg5 Be7 14.Bf4 Bd6 15.Rad1 Bxf4
16.Qxf4 Rc8 17.Rfe1 Ne7 18.Ne5 c6 19.Bf3 Qc7 20.Qe3 Rfe8 21.b3 Nd7 22.Nxd7 Qxd7
23.Bg2 h5 24.f4 hxg4 25.hxg4 Rcd8 26.Kf2 e5 27.f5 exd4 28.Qh3 Nxf5 29.Rxe8+ Qxe8
30.gxf5 dxc3 31.fxg6 Rxd1 32.Qh7+ Kf8 33.Qh8+ Ke7 34.Qxg7 Rd6 35.Qxc3 Rf6+
36.Bf3 fxg6 37.Qe3+ Kf7 38.Qxa7 Qd7 39.Qe3 Qh3  0-1

[Event "ST Lee Cup 4th"]
[Site "Beijing"]
[Date "1997.08.31"]
[Round "7"]
[White "Ni Hua"]
[Black "Wang Pin"]
[Result "0-1"]
[WhiteElo "2220"]
[BlackElo "2380"]

1.e4 c5 2.Nf3 d6 3.d4 cxd4 4.Nxd4 Nf6 5.Nc3 a6 6.Be2 e6 7.O-O Be7 8.f4 O-O
9.Be3 Nc6 10.a4 Qc7 11.Kh1 Re8 12.Bf3 Rb8 13.g4 Nd7 14.g5 Nxd4 15.Bxd4 b6
16.Bg2 Bb7 17.Qh5 g6 18.Qh6 Bf8 19.Qh4 e5 20.fxe5 Nxe5 21.Rae1 Ba8 22.Re3 Qc4
23.Nd5 Bxd5 24.exd5 Rb7 25.Rh3 h5 26.gxh6 Kh7 27.b3 Qc7 28.c4 f5 29.Qf6 Qf7
30.Qg5 a5 31.Qf4 Rbb8 32.Be4 Be7 33.Bc2 Bd8 34.Rg3 Qf6 35.Rxg6 Nxg6 36.Bxf5 Qg5
37.Qxd6 Re2 38.Bh3 Rb7 39.Rg1 Be7 40.Qc6 Qh5 41.Qc8 Bd6 42.Qxb7+ Ne7 43.Rg7+ Kxh6
44.Qxb6 Rxh2+ 45.Kg1 Qd1+ 46.Bf1 Rh1+  0-1

[Event "ST Lee Cup 4th"]
[Site "Beijing"]
[Date "1997.09.03"]
[Round "10"]
[White "Ni Hua"]
[Black "Wang Yuemin"]
[Result "0-1"]
[WhiteElo "2220"]
[BlackElo "2280"]

1.e4 e5 2.Nf3 Nc6 3.Bb5 a6 4.Ba4 Nf6 5.O-O Be7 6.Re1 b5 7.Bb3 d6 8.c3 O-O
9.h3 Na5 10.Bc2 c5 11.d4 Qc7 12.d5 Ne8 13.Nbd2 g6 14.Nf1 Ng7 15.Bh6 f5 16.exf5 gxf5
17.Ng3 Qd8 18.Nh2 Bg5 19.Bxg7 Kxg7 20.f4 Bh4 21.Nh5+ Kh8 22.Rf1 e4 23.b3 Bd7
24.Qe2 Be8 25.Bd1 Bf7 26.a4 Qe8 27.g4 Bxh5 28.gxh5 Rg8+ 29.Kh1 Bf6 30.Rc1 Rb8
31.Rf2 Qf7 32.axb5 axb5 33.b4 Nc4 34.Bb3 e3 35.Rf3 Nd2 36.Ba2 Nxf3 37.Qxf3 cxb4
38.cxb4 Rbc8  0-1

[Event "ST Lee Cup 4th"]
[Site "Beijing"]
[Date "1997.09.04"]
[Round "11"]
[White "Xu Yuanyuan"]
[Black "Ni Hua"]
[Result "1-0"]
[WhiteElo "2190"]
[BlackElo "2220"]

1.d4 Nf6 2.c4 e6 3.Nf3 c5 4.d5 b5 5.dxe6 fxe6 6.cxb5 d5 7.g3 Bd6 8.Bg2 O-O
9.O-O Bb7 10.b3 Qe8 11.a4 Nbd7 12.Bb2 Qh5 13.Nbd2 d4 14.Nc4 Bc7 15.b4 e5
16.bxc5 Nxc5 17.e3 dxe3 18.Nxe3 Rad8 19.Qc2 Nfe4 20.g4 Qh6 21.Bxe5 Bxe5 22.Nxe5 Qf4
23.N5c4 Ne6 24.Rad1 Nd4 25.Rxd4 Rxd4 26.Nf5 Rd7 27.Nce3 Kh8 28.Qc4 Qe5 29.Re1 Nd6
30.Qb4 Bxg2 31.Nxg2 Qf6 32.Rd1 Rfd8 33.Qe1 g6 34.Ng3 Kg7 35.Ne3 Nf7 36.Nef5+ gxf5
37.Rxd7 Rxd7 38.Nh5+ Kg6 39.Nxf6 Kxf6 40.Qc3+ Kg6 41.gxf5+  1-0

[Event "Wch U14"]
[Site "Cannes"]
[Date "1997.??.??"]
[Round "2"]
[White "Ni Hua"]
[Black "De Bortoli, Peter"]
[Result "1-0"]
[WhiteElo "2220"]
[BlackElo "2090"]

1.e4 c5 2.c3 d5 3.exd5 Qxd5 4.d4 Nc6 5.Nf3 Bg4 6.Be2 cxd4 7.cxd4 e6 8.h3 Bh5
9.O-O Nf6 10.Nc3 Qd8 11.Be3 Be7 12.Qb3 Rb8 13.d5 exd5 14.Rfd1 d4 15.Nxd4 Bxe2
16.Ncxe2 Qd5 17.Nxc6 Qxb3 18.axb3 bxc6 19.Nd4 Nd5 20.Nxc6 Nxe3 21.Rd3 Nc2
22.Rxa7 Nb4 23.Rxe7+ Kf8 24.Nxb4 Kxe7 25.Nc6+ Ke6 26.Nxb8 Rxb8 27.Kf1 Ra8
28.Ke2 Ra2 29.Rd2 h5 30.Kd3 g5 31.b4 f5 32.Kc4 Ra1 33.b5 h4  1-0

[Event "Wch U16"]
[Site "Oropesa del Mar"]
[Date "1998.10.29"]
[Round "4"]
[White "Grigutavicius, Dainius"]
[Black "Ni Hua"]
[Result "1-0"]
[WhiteElo "2135"]
[BlackElo "2285"]

1.d4 e6 2.c4 Nf6 3.Nc3 Bb4 4.Qc2 O-O 5.Nf3 b6 6.e4 d5 7.cxd5 exd5 8.e5 Ne4
9.Bd3 f5 10.exf6 Qxf6 11.Bxe4 dxe4 12.Qxe4 Ba6 13.Bg5 Qc6 14.Qxc6 Nxc6 15.a3 Rae8+
16.Be3 Bd6 17.O-O-O Na5 18.Nd2 Bb7 19.b4 Nc6 20.Nde4 Be7 21.Kb2 a5 22.b5 Nb8
23.d5 Nd7 24.Bd4 h6 25.Rhe1 Bc8 26.Re2 Bd6 27.Nxd6 Rxe2+ 28.Nxe2 cxd6 29.Nc3 Bb7
30.Re1 Ne5 31.Kb3 Rf4 32.Bxe5 a4+ 33.Kc2 Rxf2+ 34.Kd3 dxe5 35.Rxe5  1-0

[Event "Wch U16"]
[Site "Oropesa del Mar"]
[Date "1998.10.31"]
[Round "6"]
[White "Blasko, Istvan"]
[Black "Ni Hua"]
[Result "1/2-1/2"]
[WhiteElo "2175"]
[BlackElo "2285"]

1.e4 c5 2.Nf3 Nc6 3.d4 cxd4 4.Nxd4 g6 5.c4 Nf6 6.Nc3 d6 7.Be2 Bg7 8.Be3 O-O
9.O-O Nxd4 10.Bxd4 Bd7 11.f3 Bc6 12.Qd2 Nd7 13.Bxg7 Kxg7 14.Kh1 Qb6 15.b3 a5
16.Qb2 Qd4 17.Rad1 Qf6 18.Qd2 Nc5 19.Qe3 g5 20.Nd5 Qe5 21.f4 gxf4 22.Rxf4 Kh8
23.Rdf1 Bxd5 24.cxd5 f6 25.Bg4 Rf7 26.Bf5 e6 27.dxe6 Nxe6 28.Bxe6 Qxe6 29.Qc3 Kg7
30.h3 Qe5 31.Qg3+ Kh8 32.Qh4 Raf8 33.Rf5 Qc3 34.Qf4 Qb4 35.Rd5 Re8 36.Rxd6 Qxe4
37.Qxe4 Rxe4 38.Rdxf6 Rxf6 39.Rxf6 Rb4 40.Rf3 a4 41.Kg1 axb3 42.axb3 Kg7
43.Kf2 h5 44.Ke2 Kg6 45.Kd2 Rd4+ 46.Kc3 Re4 47.Rg3+ Kf6 48.Rg8 h4 49.Rf8+ Kg5
50.b4 Re3+ 51.Kc4 Rg3 52.Rf2 Kh5 53.Kc5 Rg6 54.Rd2 Rc6+ 55.Kb5 Rg6 56.Rc2 Kh6
57.Re2 Kh5 58.Kc5 Rc6+ 59.Kd5 Rc1 60.Re5+ Kh6 61.Re4 Kh5 62.Rg4 b5 63.Ke5 Rc2
64.Rg8 Rb2 65.Rg4 Rc2 66.Kd5 Rc1 67.Ke4 Rc3 68.Kf4 Rc4+ 69.Kf5 Rc2 70.Rg7 Rf2+
71.Ke5 Rb2 72.Rg4 Rc2 73.Kd6 Rc3  1/2-1/2

[Event "Wch U16"]
[Site "Oropesa del Mar"]
[Date "1998.11.03"]
[Round "8"]
[White "Salvador, Roland"]
[Black "Ni Hua"]
[Result "0-1"]
[WhiteElo "2135"]
[BlackElo "2285"]

1.Nf3 c5 2.g3 Nc6 3.Bg2 g6 4.O-O Bg7 5.c4 Nf6 6.d4 cxd4 7.Nxd4 O-O 8.Nc3 Ng4
9.Nc2 Nge5 10.Na3 d6 11.f4 Ng4 12.Kh1 Bxc3 13.bxc3 Qb6 14.Qd3 Be6 15.Rb1 Qa6
16.h3 Nf6 17.g4 Rac8 18.f5 Bd7 19.c5 dxc5 20.Qxa6 bxa6 21.Rb7 Rfd8 22.Be3 gxf5
23.gxf5 Be8 24.Rg1 Kh8 25.Bxc5 Rd2 26.Bf3 Rxa2 27.Nc4 Rc2 28.Be3 Ng8 29.Rb3 Bd7
30.h4 Bxf5 31.Bxc6 Rxc6 32.Bd4+ f6 33.Ne3 Be4+ 34.Kh2 Rxe2+ 35.Kh3 Rc8 36.Bxa7 Nh6
37.Rb4 Bc6 38.Rd4 Rg8  0-1

[Event "Wch U16"]
[Site "Oropesa del Mar"]
[Date "1998.11.06"]
[Round "10"]
[White "Vavrak, Peter"]
[Black "Ni Hua"]
[Result "0-1"]
[WhiteElo "2200"]
[BlackElo "2285"]

1.d4 c5 2.d5 Nf6 3.Nc3 g6 4.e4 d6 5.f4 Bg7 6.Nf3 O-O 7.Bd3 e6 8.O-O exd5
9.exd5 a6 10.a4 Re8 11.Bd2 Qc7 12.Re1 Rxe1+ 13.Qxe1 Nbd7 14.Ng5 Nf8 15.Kh1 c4
16.Bf1 Bf5 17.Qe2 Rc8 18.Be1 h6 19.Nf3 Qb6 20.Rb1 Re8 21.Qd2 Ng4 22.h3 Ne3
23.Bf2 Nxf1 24.Bxb6 Nxd2 25.Nxd2 Bxc2 26.Rc1 Bd3 27.Bc7 Nd7 28.a5 Bf8 29.Kh2 Rc8
30.Bb6 Nxb6 31.axb6 Bg7 32.Nde4 Bxe4 33.Nxe4 Bxb2 34.Rc2 Ba3 35.Kg3 f5 36.Nc3 Bc5
37.Na4 Bd4 38.Kf3 c3 39.Nb2 cxb2 40.Rxc8+ Kf7  0-1

[Event "Wch U16"]
[Site "Oropesa del Mar"]
[Date "1998.11.07"]
[Round "11"]
[White "Ni Hua"]
[Black "Mastrovasilis, Dimitrios"]
[Result "1-0"]
[WhiteElo "2285"]
[BlackElo "2280"]

1.g3 e5 2.Nf3 d6 3.Nc3 Nf6 4.Bg2 Be7 5.e4 O-O 6.O-O c6 7.h3 b5 8.a3 Qc7 9.d4 a6
10.Be3 Nbd7 11.Nh4 Re8 12.Nf5 Bf8 13.g4 exd4 14.Bxd4 Ne5 15.g5 Nxe4 16.Nh6+ gxh6
17.Nxe4 Bg7 18.gxh6 f5 19.Ng5 Bf8 20.Kh1 Bb7 21.Bd5+ cxd5 22.Rg1 Kh8 23.Qh5 Re7
24.Rg2 Bxh6 25.Qxh6  1-0

[Event "Artek olJ"]
[Site "Artek"]
[Date "1999.09.10"]
[Round "1"]
[White "Ni Hua"]
[Black "Tran Quoc Dung"]
[Result "1-0"]
[WhiteElo "2369"]
[BlackElo "2130"]

1.e4 c5 2.c3 d5 3.exd5 Qxd5 4.d4 Nc6 5.Nf3 Bg4 6.Be2 e6 7.h3 Bh5 8.c4 Qd7
9.g4 Bg6 10.d5 exd5 11.cxd5 Nb4 12.Nc3 O-O-O 13.O-O a6 14.Ne5 Qc7 15.f4 f6
16.Nc4 Nc2 17.d6 Bxd6 18.Nd5 Qf7 19.f5 Nxa1 20.fxg6 Qe6 21.Bf3 Ne7 22.Ndb6+ Kc7
23.Nxd6 Kxb6 24.b4 Ka7 25.bxc5 Qe5 26.Re1 Qg3+ 27.Bg2 Nd5 28.Re6 Nc3 29.Qf1 Nc2
30.Re7 Rb8 31.Nc8+ Ka8 32.Bf4 Qh4 33.Qf3 Ne2+ 34.Kh2  1-0

[Event "Artek olJ"]
[Site "Artek"]
[Date "1999.09.11"]
[Round "2"]
[White "Guseinov, Elmir"]
[Black "Ni Hua"]
[Result "0-1"]
[WhiteElo "2301"]
[BlackElo "2369"]

1.d4 Nf6 2.c4 g6 3.Nc3 d5 4.g3 Bg7 5.Bg2 dxc4 6.Qa4+ Nfd7 7.Nf3 Nc6 8.O-O Nb6
9.Qc2 O-O 10.Bf4 Bg4 11.e3 Nb4 12.Qe2 h6 13.e4 Nd3 14.Be3 f5 15.exf5 gxf5
16.Qd2 f4 17.gxf4 Bxf3 18.Bxf3 e5 19.dxe5 Qh4 20.Bg2 Rad8 21.Qe2 c6 22.Rad1 Nxf4
23.Bxf4 Qxf4 24.Rde1 Rf5 25.Ne4 Rxe5 26.Qc2 Rde8 27.Re3 Nd5 28.Qxc4 b5 29.Qd3 Nxe3
30.fxe3 Qg4 31.Rf4 Qe6 32.h3 Rd5 33.Qf1 Red8 34.Nf6+ Bxf6 35.Bxd5 Rxd5 36.Rxf6 Qxe3+
37.Kh1 Qe4+ 38.Kg1  0-1

[Event "Artek olJ"]
[Site "Artek"]
[Date "1999.09.15"]
[Round "5"]
[White "Ni Hua"]
[Black "Holmirzaev, B."]
[Result "1-0"]
[WhiteElo "2369"]
[BlackElo "2069"]

1.e4 c5 2.c3 d5 3.exd5 Qxd5 4.d4 e6 5.Nf3 Nf6 6.Bd3 cxd4 7.cxd4 Be7 8.Nc3 Qd8
9.O-O O-O 10.a3 a6 11.Qe2 b5 12.Bg5 Bb7 13.Rad1 Nbd7 14.Bb1 h6 15.Bc1 Rc8
16.Ne5 Re8 17.Rd3 Nd5 18.Rg3 Nxe5 19.Bxh6 Ng6 20.Rxg6 Bf6 21.Rg3 Kf8 22.Bd2 Bxd4
23.Qh5 Nxc3 24.bxc3 Be5 25.Qh8+ Ke7 26.Qh4+ Bf6 27.Qb4+ Qd6 28.Bf4 e5 29.Re1 Kf8
30.Be3 Rcd8 31.Qxd6+ Rxd6 32.Bc5 Be7 33.Bxd6 Bxd6 34.Be4  1-0

[Event "Artek olJ"]
[Site "Artek"]
[Date "1999.09.16"]
[Round "6"]
[White "Petrosian, Tigran L"]
[Black "Ni Hua"]
[Result "1-0"]
[WhiteElo "2222"]
[BlackElo "2369"]

1.e4 c5 2.Nc3 Nc6 3.f4 g6 4.Nf3 Bg7 5.Bb5 Nd4 6.O-O e6 7.e5 a6 8.Be2 d6 9.Ne4 Nxf3+
10.Rxf3 dxe5 11.c3 exf4 12.Nxc5 g5 13.Rd3 Qb6 14.Qa4+ Kf8 15.b3 Nf6 16.Ba3 Kg8
17.Kh1 e5 18.Ne4 Qc7 19.Qc4 Qa5 20.Bb4 Be6 21.Nxf6+ Bxf6 22.Qxe6 fxe6 23.Bxa5 e4
24.Rd6 Kf7 25.Bh5+ Ke7 26.Rb6 Rhd8 27.Rxb7+ Rd7 28.Rxd7+ Kxd7 29.Re1  1-0

[Event "Artek olJ"]
[Site "Artek"]
[Date "1999.09.18"]
[Round "7"]
[White "Ni Hua"]
[Black "Ponomariov, Ruslan"]
[Result "0-1"]
[WhiteElo "2369"]
[BlackElo "2616"]

1.e4 d6 2.d4 Nf6 3.Nc3 g6 4.Be3 c6 5.Qd2 b5 6.Bd3 Nbd7 7.Nf3 e5 8.O-O Bb7
9.Bh6 Bxh6 10.Qxh6 Ng4 11.Qd2 O-O 12.h3 Ngf6 13.dxe5 Nxe5 14.Nxe5 dxe5 15.Rad1 Qe7
16.Ne2 Kg7 17.Ng3 h6 18.f4 Rad8 19.Qe3 a6 20.Kh1 Nd7 21.Rf2 exf4 22.Rxf4 Ne5
23.Rdf1 Rd6 24.Be2 Bc8 25.b3 Rfd8 26.a4 Rd4 27.axb5 axb5 28.Rf6 R4d6 29.Nh5+ Kh7
30.Qf4 Rxf6 31.Nxf6+ Kg7 32.Qh4 g5 33.Qg3 Rd6 34.Nh5+ Kf8 35.Bg4 Bxg4 36.hxg4 b4
37.Rf5 Re6 38.c3 Qd8 39.Rf1 Qd3 40.Qxd3 Nxd3  0-1

[Event "World Cities-ch 2nd"]
[Site "Shenyang"]
[Date "1999.10.04"]
[Round "1"]
[White "Ni Hua"]
[Black "Bennett, Hilton"]
[Result "1-0"]
[WhiteElo "2369"]
[BlackElo "2200"]

1.e4 d5 2.exd5 Nf6 3.d4 Bg4 4.Nf3 Qxd5 5.Nc3 Qd7 6.h3 Bxf3 7.Qxf3 c6 8.Be3 e6
9.Bd3 Be7 10.O-O Qc7 11.Ne2 Nbd7 12.c4 O-O 13.Nc3 Rfd8 14.Rad1 Nf8 15.Rfe1 Ng6
16.g3 Rd7 17.h4 Rad8 18.h5 Nf8 19.h6 Ng6 20.hxg7 Kxg7 21.Kg2 c5 22.d5 exd5
23.cxd5 Ne5 24.Qf4 Nxd3 25.Qh6+ Kh8 26.Rxd3 Ng4 27.Qh5 Nxe3+ 28.Rdxe3 Rg8
29.Rh1 Rg7 30.Ne4 Qd8 31.d6 Rxd6 32.Nxd6 Bxd6 33.Rhe1 Rg8 34.Qxf7 Rf8 35.Re8  1-0

[Event "World Cities-ch 2nd"]
[Site "Shenyang"]
[Date "1999.10.05"]
[Round "2"]
[White "Atanu, Lahiri"]
[Black "Ni Hua"]
[Result "1/2-1/2"]
[WhiteElo "2395"]
[BlackElo "2369"]

1.d4 Nf6 2.c4 g6 3.Nc3 d5 4.cxd5 Nxd5 5.Na4 Bf5 6.f3 Bd7 7.e4 Nf6 8.Be3 Bg7
9.Bd3 O-O 10.Ne2 e5 11.d5 Nxd5 12.exd5 Qh4+ 13.g3 Qxa4 14.Qxa4 Bxa4 15.Rc1 Rc8
16.Nc3 Be8 17.Nb5 Bxb5 18.Bxb5 Bf8 19.Ke2 a6 20.Ba4 c5 21.dxc6 Nxc6 22.Rhd1 Rab8
23.Bb6 Be7 24.Rd7 Bd8 25.Bxd8 Nxd8 26.Rxc8 Rxc8 27.Re7 Ne6 28.Rxb7 Nc5 29.Rb4 Nxa4
30.Rxa4 Rc2+ 31.Ke3 Rxb2 32.Rxa6 Rxh2 33.Ra5 h5 34.a4 f6 35.Ra7 Ra2 36.a5 g5
37.Ke4 h4 38.gxh4 gxh4 39.Kf5 h3 40.Kxf6 Rf2 41.Rg7+ Kf8 42.Rh7 Rxf3+ 43.Kxe5  1/2-1/2

[Event "World Cities-ch 2nd"]
[Site "Shenyang"]
[Date "1999.10.06"]
[Round "4"]
[White "Ni Hua"]
[Black "Khasin, Alexander"]
[Result "0-1"]
[WhiteElo "2369"]
[BlackElo "2511"]

1.e4 c5 2.Nf3 Nc6 3.c3 Nf6 4.e5 Nd5 5.d4 cxd4 6.Bc4 Nb6 7.Bb3 d5 8.exd6 Qxd6
9.Na3 Be6 10.Nb5 Qd7 11.Bxe6 Qxe6+ 12.Be3 Qd7 13.Nbxd4 e6 14.O-O Nc4 15.Qe2 Nxe3
16.fxe3 Be7 17.Rad1 Qc7 18.Nb5 Qb6 19.Nd6+ Bxd6 20.Rxd6 O-O 21.Rfd1 Rad8
22.Rxd8 Rxd8 23.Rxd8+ Qxd8 24.Kf2 h6 25.Qb5 Qc7 26.b4 g5 27.h3 Ne7 28.e4 Ng6
29.Qd3 Nf4 30.Qd4 e5 31.Qd2 b5 32.Kg3 Qxc3 33.Qxc3 Ne2+ 34.Kg4 Nxc3 35.Nxe5 Nxa2
36.Nc6 a6 37.Kf5 Kf8 38.Ke5 Kg7 39.g4 Nc1 40.Kd4 Ne2+ 41.Ke3 Nf4 42.Nb8 Nxh3
43.Nxa6 Nf4 44.Nc7 Ng6 45.Kd4 Kf6 46.Nd5+ Ke6 47.Nc7+ Kd7 48.Nxb5 f6 49.Kd5 Ne5
50.Nd4 Nxg4 51.b5 h5 52.b6 h4 53.Nf3 Ne5 54.Nd2 g4  0-1

[Event "World Cities-ch 2nd"]
[Site "Shenyang"]
[Date "1999.10.06"]
[Round "5"]
[White "Wahono, Awam"]
[Black "Ni Hua"]
[Result "1-0"]
[WhiteElo "2390"]
[BlackElo "2369"]

1.d4 Nf6 2.Nf3 g6 3.Bg5 Bg7 4.e3 O-O 5.Be2 d6 6.O-O Nbd7 7.h3 h6 8.Bf4 Qe8
9.c4 e5 10.Bh2 Nh7 11.Nc3 e4 12.Nd2 f5 13.Nd5 Qd8 14.c5 Ndf6 15.Qb3 Kh8 16.cxd6 Nxd5
17.Qxd5 Nf6 18.Qc5 c6 19.b4 Be6 20.b5 cxb5 21.Qxb5 b6 22.Bc4 Bd7 23.Qb3 b5
24.Be6 Bxe6 25.Qxe6 Qb6 26.Rfc1 Rae8 27.Qb3 g5 28.Rc5 f4 29.Rxb5 Qxd6 30.Nc4 Qd8
31.Ne5 Kh7 32.exf4 gxf4 33.Bxf4 Nh5 34.Be3 Qh4 35.Nd7 Rf3 36.gxf3 Qxh3 37.Qf7  1-0

[Event "World Cities-ch 2nd"]
[Site "Shenyang"]
[Date "1999.10.07"]
[Round "6"]
[White "Wang Rui"]
[Black "Ni Hua"]
[Result "0-1"]
[WhiteElo "2396"]
[BlackElo "2369"]

1.e4 c5 2.Nf3 d6 3.d4 cxd4 4.Nxd4 Nf6 5.Nc3 Nc6 6.Bg5 e6 7.Qd2 a6 8.O-O-O h6
9.Be3 Bd7 10.f3 Qc7 11.g4 b5 12.Bd3 Ne5 13.Kb1 b4 14.Nce2 d5 15.Bf4 Bd6 16.exd5 Nxd5
17.Bxe5 Bxe5 18.Be4 Rb8 19.Bxd5 exd5 20.f4 Bxd4 21.Nxd4 O-O 22.h3 Rfe8 23.Rhe1 a5
24.f5 Qb6 25.Rxe8+ Rxe8 26.c3 Re4 27.cxb4 axb4 28.b3 Bc8 29.Kb2 Ba6 30.Nc2 Re2
31.Qd4 Qc7 32.Rd2 Re4 33.Qxd5 Qc3+ 34.Kb1 Rf4 35.Rd1 Rf2 36.Qe4 Kh7 37.f6+ g6
38.h4 Re2  0-1

[Event "Asia-chT"]
[Site "Shenyang"]
[Date "1999.10.11"]
[Round "3"]
[White "Ni Hua"]
[Black "Wang Rui"]
[Result "0-1"]
[WhiteElo "2369"]
[BlackElo "2396"]

1.e4 g6 2.d4 Bg7 3.Nc3 d6 4.f4 Nf6 5.Nf3 O-O 6.e5 Nfd7 7.Bc4 c5 8.e6 Nb6
9.exf7+ Kh8 10.Be2 cxd4 11.Nxd4 Rxf7 12.O-O Nc6 13.Be3 Bd7 14.g4 Rc8 15.Nxc6 Bxc6
16.f5 gxf5 17.Rxf5 Rxf5 18.gxf5 Qg8 19.Kf2 Rf8 20.Bg4 Bd7 21.Qf3 Nc4 22.Rg1 Nxe3
23.Kxe3 Bxf5 24.Bxf5 Bd4+  0-1

[Event "Asia-chT"]
[Site "Shenyang"]
[Date "1999.10.14"]
[Round "6"]
[White "Nazarov, Anvar"]
[Black "Ni Hua"]
[Result "0-1"]
[WhiteElo "2493"]
[BlackElo "2369"]

1.e4 c5 2.Nf3 Nc6 3.c3 e6 4.d4 d5 5.exd5 exd5 6.Bd3 Bd6 7.O-O Nge7 8.Be3 c4
9.Bc2 O-O 10.Nbd2 Ng6 11.Re1 h6 12.Nf1 Qf6 13.h3 Nf4 14.Bxf4 Qxf4 15.Ne3 Be6
16.b3 Rad8 17.g3 Qf6 18.Kg2 b5 19.Nh2 g6 20.f4 b4 21.bxc4 dxc4 22.Qf3 Ne7
23.Nhg4 Qg7 24.d5 Bxg4 25.Nxg4 Qxc3 26.Qxc3 bxc3 27.Rad1 Kg7 28.Ne5 Bb4 29.a3 Bc5
30.Nxc4 Rxd5 31.Rxd5 Nxd5 32.Be4 Re8 33.Ne5 Bxa3 34.Ra1 c2 35.Bxd5 c1=Q 36.Rxc1 Bxc1
37.Kf3 a5 38.Nxf7 a4 39.Ne5 a3  0-1